UM Logo

Criminal procedure: (Record no. 7924)

MARC details
000 -LEADER
fixed length control field 00562nam a2200169 4500
008 - FIXED-LENGTH DATA ELEMENTS--GENERAL INFORMATION
fixed length control field 171206b xxu||||| |||| 00| 0 eng d
020 ## - INTERNATIONAL STANDARD BOOK NUMBER
International Standard Book Number 0534215580
082 ## - DEWEY DECIMAL CLASSIFICATION NUMBER
Edition number 1995
Classification number DC 345.736
Item number D27c
100 ## - MAIN ENTRY--PERSONAL NAME
9 (RLIN) 24321
Personal name del Carmen, Rolando V., author.
245 ## - TITLE STATEMENT
Title Criminal procedure:
Remainder of title law and practice /
Statement of responsibility, etc. Rolando V. del Carmen.
250 ## - EDITION STATEMENT
Edition statement Third edition
260 ## - PUBLICATION, DISTRIBUTION, ETC. (IMPRINT)
Place of publication, distribution, etc. California :
Name of publisher, distributor, etc. Wadsworth Publishing Company ,
Date of publication, distribution, etc. ©1995
300 ## - PHYSICAL DESCRIPTION
Extent xx, 522 pages :
Other physical details illustration ;
Dimensions 29 cm.
500 ## - GENERAL NOTE
General note Includes index.
650 #0 - SUBJECT ADDED ENTRY--TOPICAL TERM
9 (RLIN) 24323
Topical term or geographic name as entry element Criminal procedure
942 ## - ADDED ENTRY ELEMENTS (KOHA)
Source of classification or shelving scheme Dewey Decimal Classification
Koha item type Circulation
Holdings
Withdrawn status Lost status Source of classification or shelving scheme Damaged status Not for loan Collection code Home library Current library Date acquired Source of acquisition Total Checkouts Full call number Barcode Date last seen Copy number Price effective from Koha item type
    Dewey Decimal Classification     Circulation UM Digos College - LIC UM Digos College - LIC   Photocopied   DC 345.736 D27c 1995 19707 06/08/2021   12/06/2017 Circulation